Jeux de mots : Bar - Statistiques

Statistiques générales
  • Ce quiz a été pris 447 fois
  • Le résultat moyen est 17 sur 20
Statistiques - réponses
Hint Explanation Réponse % Correct
Le bar d'un ancien Président des États-Unis Bar Akobama (Barack Obama) Akobama
95%
Le bar où on peut faire griller de la viande Bar Becue (Barbecue) Becue
95%
Le bar pour les copines de Ken Bar Bie (Barbie) Bie
94%
Le bar où tout le monde dit des mensonges Bar Atin (Baratin) Atin
91%
Le bar où on s'ennuie tout le temps Bar Bant (Barbant) Bant
91%
Le bar des catalans Bar Celone (Barcelone) Celone
91%
Le bar pour mesurer une autre pression que la bière Bar Omètre (Baromètre) Omètre
89%
Le bar où on sert des poils en sucre Bar Bapapa (Barbe à Papa) Bapapa
88%
Le bar où les murs sont en fait des fils de fer Bar Belé (Barbelé) Belé
88%
Le bar où tu peux naviguer sur l'eau Bar Que (Barque) Que
87%
Le bar d'un État insulaire d'Arabie Bar Rheïn (Bahreïn) Rheïn
87%
Le bar où on te sert que du café Bar Ista (Barista) Ista
84%
Le bar des fans du poisson de L'Agence tous risques Bar Acouda (Barracuda) Accouda
83%
Le bar où il faut forcer le passage pour entrer Bar Icade (Barricade) Icade
83%
Le bar où on en ressort toujours sale Bar Bouiller (Barbouiller) Bouiller
81%
Le bar pour les voyageurs en quête d'aventures Bar Oudeur (Baroudeur) Oudeur
81%
Le bar pour les avocats d'un tribunal judiciaire Bar Eau (Barreau) Eau
78%
Le bar pour ceux dont la tessiture de voix est moyenne Bar Yton (Baryton) Yton
77%
Le bar pour les guerriers à grande musculature en pagne Bar Bar (Barbare) Bar
70%
Le bar pour faire ralentir son système nerveux Bar Biturique (Barbiturique) Biturique
64%
Aucun quiz correspondant
Distribution des résultats
% des personnes avec chaque résultat
Percentile par nombre de réponses
Votre historique - résultats
Vous n’avez pas pris ce quiz